| 000 | 00545nam a2200205Ia 4500 | ||
|---|---|---|---|
| 003 | OSt | ||
| 005 | 20260406151646.0 | ||
| 008 | 210210b1987 xxu||||| |||| 00| 0 eng d | ||
| 040 | _cAL | ||
| 041 | _aHindi | ||
| 082 | _aH891.1 CHAP | ||
| 100 |
_aCHANDRSHEKHAR (M E) _9141602 |
||
| 110 |
_bचंद्रशेखर एम ई _9201678 |
||
| 245 |
_aPadya Bharati: _bपद्य भारती |
||
| 260 |
_aBengalur _bChandr Prakashana _c1987 |
||
| 300 | _a104 | ||
| 690 |
_aHindi Poetry _9141603 |
||
| 906 | _a041528 | ||
| 942 |
_2ddc _cBK |
||
| 999 |
_c91472 _d91472 |
||